| 000 | 00751nam a22001937i 4500 | ||
|---|---|---|---|
| 999 |
_c22804 _d22804 |
||
| 003 | AR-CdUCM | ||
| 008 | 240319b20232023pe ||||| |||| 00| 0 spa d | ||
| 020 | _a978-612- 5048-43-1 | ||
| 040 |
_aMUNICIPALIDAD PROVINCIAL DEL CUSCO _cBIBLIOTECA MUNICIPAL DEL CUSCO |
||
| 041 | _hspa | ||
| 082 |
_2Tercera edición _a869.56 / M253S _bM253S |
||
| 100 |
_aMaquén Gamarra, José Félix _948470 |
||
| 245 |
_aLa Shayandera : _bRelatos y estampas de mi pueblo / |
||
| 260 |
_aMorales-San Martín : _bTRAZOS Consultores - Editores E.I.R.L., _c2023 |
||
| 300 |
_a79 páginas. : _c21 cm. |
||
| 505 | _aQuebrada Catahuayco -- Mi flaquita -- Ahora ¿Cómo me ves? -- La burla del Supay -- Comerciantes de sapos | ||
| 942 |
_2ddc _cLIBROS |
||
| 945 |
_apbj _d19-03-2024 |
||